000
00224nam a2200085Ia 4500
008
180219s9999 xx 000 0 und d
100
_a
Bansal Suraksha
245
0
_a
Essentials Of English Teaching
260
_a
Vinay Rakheja R. Lall Meerut
260
_c
2014
999
_c
42210
_d
42210